Tecnología práctica de la carne / (Record no. 134716)

MARC details
000 -LEADER
campo de control de longitud fija 00538nam a2200169 i 4500
001 - NÚMERO DE CONTROL
campo de control 134716
003 - IDENTIFICADOR DE NÚMERO DE CONTROL
campo de control ES-MaACL
005 - FECHA Y HORA DE LA ÚLTIMA TRANSACCIÓN
campo de control 20230906194730.0
007 - CAMPO FIJO DE DESCRIPCIÓN FÍSICA--INFORMACIÓN GENERAL
campo de control de longitud fija t|
008 - DATOS DE LONGITUD FIJA--INFORMACIÓN GENERAL
campo de control de longitud fija 070913s1973 sp ||||1| spa d
100 1# - ENTRADA PRINCIPAL--NOMBRE DE PERSONA
Nombre de persona Weinling, Heinz.
9 (RLIN) 116367
245 10 - MENCIÓN DEL TÍTULO
Título Tecnología práctica de la carne /
Mención de responsabilidad, etc. Heinz Weinling ; traducido por Jaime Esain Escobar.
260 ## - PUBLICACIÓN, DISTRIBUCIÓN, ETC.
Lugar de publicación, distribución, etc. [Zaragoza] :
Nombre del editor, distribuidor, etc. Acribia,
Fecha de publicación, distribución, etc. [1973]
300 ## - DESCRIPCIÓN FÍSICA
Extensión XI, 392 p., 3 h. pleg. :
Otras características físicas il. ;
Dimensiones 24 cm.
700 0# - ENTRADA AGREGADA--NOMBRE PERSONAL
Nombre de persona Esaín Escobar, Jaime.
9 (RLIN) 47449
852 ## - LOCALIZACIÓN
Ubicación ES-MaACL
Número de control de estantería C-53813
Sublocalización o colección R.86839
Holdings
Estatus retirado Estado de pérdida Estado de daño No para préstamo Biblioteca de origen Biblioteca actual Ubicación en estantería Fecha de adquisición Fuente de adquisición Total de préstamos Signatura topográfica completa Código de barras Visto por última vez Precio de reemplazo Tipo de ítem Koha
        Biblioteca del Ateneo de Madrid Biblioteca del Ateneo de Madrid Depósito 2 17/01/2008     C-53813 1140223 23/02/2023 23/02/2023 Libro impreso